000 00395nam a22001577a 4500
005 20251007154219.0
008 251007b |||||||| |||| 00| 0 eng d
020 _a978-81-969098-6-4
041 _aeng
082 _a613.2
100 _aCHATURVEDI, YATINDRA NATH
_98711
245 _aHAMARA SWASTHAYA AUR MASALE
260 _aUTTAR PRADESH
_bAKSHAR PLANT
_c2024
300 _a210;P
942 _cBK
999 _c8880
_d8878